00418 2200169 4500001002100000008004100021035002000062245005200082100001700134250000600151260003100157300001200188084001400200082000800214650001400222990001200236INLIS000000000001057 ind  a0010-0524000292 aMaaf Ya Allah, Aku Belum Siap MaticUmmu kulsum aKulsum, Ummu a1 aSolo :bTinta Medinac2018 a162 hlm a200 UMM m a200 aNon Fiksi a0744035